| 000 | 00844cam a22002893a 4500 | ||
|---|---|---|---|
| 001 | 31342 | ||
| 003 | PGUSA | ||
| 005 | 20140828083658.0 | ||
| 008 | 100221s2010||||xxu|||||s|||||000 p eng d | ||
| 040 |
_aPGUSA _beng |
||
| 042 | _adc | ||
| 050 | 4 | _aPZ | |
| 245 | 1 | 4 |
_aThe 3 Little Kittens _h[electronic resource] / _cAnonymous |
| 260 |
_bProject Gutenberg, _c2010 |
||
| 506 | _aPublic domain in the USA. | ||
| 516 | _aElectronic text | ||
| 653 | _aChildren's poetry | ||
| 653 | _aCats -- Juvenile poetry | ||
| 653 | _aMothers and daughters -- Juvenile poetry | ||
| 653 | _aKittens -- Juvenile poetry | ||
| 653 | _aPicture books for children | ||
| 700 | 1 |
_aGreenaway, Kate, _d1846-1901 |
|
| 740 | 0 | _aThe Three Little Kittens | |
| 830 | 0 |
_aProject Gutenberg _v31342 |
|
| 856 | 4 | 0 | _uhttp://www.gutenberg.org/ebooks/31342 |
| 942 | _cEB | ||
| 999 |
_c260597 _d260597 |
||